NFL Hall of Fame First Round Picks - Statistics

General Stats
  • This quiz has been taken 45 times
  • The average score is 43 of 123
Answer Stats
Year # Player % Correct
1985 1 Bruce Smith
77%
1983 28 Darrell Green
77%
1990 17 Emmitt Smith
77%
1969 4 Joe Greene
77%
1981 2 Lawrence Taylor
77%
1989 3 Barry Sanders
74%
1983 1 John Elway
74%
1964 3 Charley Taylor
71%
1983 27 Dan Marino
71%
1989 5 Deion Sanders
71%
1985 16 Jerry Rice
71%
1997 6 Walter Jones
71%
1964 2 Bob Brown
69%
1957 6 Jim Brown
69%
2001 5 LaDainian Tomlinson
69%
1969 1 O.J. Simpson
69%
1970 1 Terry Bradshaw
69%
1988 6 Tim Brown
69%
1961 6 Jimmy Johnson
66%
1975 2 Randy White
66%
1996 26 Ray Lewis
66%
1989 1 Troy Aikman
63%
1983 14 Jim Kelly
60%
1965 1 Joe Namath
60%
1998 21 Randy Moss
60%
1975 4 Walter Payton
60%
1989 4 Derrick Thomas
57%
2002 24 Ed Reed
57%
1983 2 Eric Dickerson
57%
1982 10 Marcus Allen
54%
1994 2 Marshall Faulk
54%
1978 1 Earl Campbell
51%
1972 13 Franco Harris
51%
1957 5 Len Dawson
51%
1967 15 Alan Page
49%
1957 1 Paul Hornung
49%
1948 7 Y.A. Tittle
49%
1965 4 Gale Sayers
46%
1944 4 Otto Graham
46%
1977 2 Tony Dorsett
46%
1996 4 Jonathan Ogden
43%
1976 1 Lee Roy Selmon
43%
1988 11 Michael Irvin
43%
1961 5 Mike Ditka
43%
1997 1 Orlando Pace
43%
1987 10 Rod Woodson
43%
1948 3 Bobby Layne
40%
1967 4 Bob Griese
40%
1961 13 Bob Lilly
40%
1974 21 Lynn Swann
40%
1995 12 Warren Sapp
40%
2000 9 Brian Urlacher
37%
1993 10 Jerome Bettis
37%
1979 13 Kellen Winslow
37%
1981 8 Ronnie Lott
37%
1980 3 Anthony Muñoz
34%
1983 9 Bruce Matthews
34%
1999 4 Edgerrin James
34%
1967 17 Gene Upshaw
34%
1973 4 John Hannah
34%
1968 8 Larry Csonka
34%
1937 6 Sammy Baugh
34%
1949 1 Chuck Bednarik
31%
1995 28 Derrick Brooks
31%
1952 11 Frank Gifford
31%
1971 6 John Riggins
31%
1939 2 Sid Luckman
31%
1980 18 Art Monk
29%
1990 3 Cortez Kennedy
29%
1990 5 Junior Seau
29%
1996 19 Marvin Harrison
29%
1966 2 Tom Mack
29%
1997 13 Tony Gonzalez
29%
1999 7 Champ Bailey
26%
1956 9 Lenny Moore
26%
1973 23 Ray Guy
26%
2003 16 Troy Polamalu
26%
1962 3 Merlin Olsen
23%
1964 11 Paul Warfield
23%
1979 4 Dan Hampton
20%
1949 3 Doak Walker
20%
1945 5 Elroy Hirsch
20%
1967 6 Floyd Little
20%
1978 6 James Lofton
20%
1978 23 Ozzie Newsome
20%
1995 23 Ty Law
20%
1964 6 Carl Eller
17%
1961 12 Herb Adderley
17%
1952 9 Hugh McElhenny
17%
1957 8 Jim Parker
17%
1968 1 Ron Yary
17%
1989 20 Steve Atwater
17%
1944 5 Steve Van Buren
17%
1993 8 Willie Roaf
17%
1963 14 Dave Robinson
14%
1960 (1) Johnny Robinson
14%
1985 4 Chris Doleman
11%
1940 7 Clyde Turner
11%
1965 3 Dick Butkis
11%
1953 11 Doug Atkins
11%
1983 6 Jim Covert
11%
1981 4 Kenny Easley
11%
1976 5 Mike Haynes
11%
1982 8 Mike Munchak
11%
1942 1 Bill Dudley
9%
1971 20 Jack Youngblood
9%
1988 19 Randall McDaniel
9%
1960 (1) Ron Mix
9%
1963 1 Buck Buchanon
6%
1945 1 Charley Trippi
6%
1952 3 Ollie Matson
6%
2001 17 Steve Hutchinson
6%
1958 10 Alex Karras
3%
1950 14 Bud Grant
3%
1968 3 Claude Humphrey
3%
1946 5 George Conner
3%
1973 26 Joe DeLamielleure
3%
1950 11 Leo Nomellini
3%
1952 2 Les Richter
3%
1975 6 Robert Brazile
3%
1938 6 Alex Wojciechowicz
0%
1940 2 George McAfee
0%
1936 6 Joe Stydahar
0%
No matching quizzes found
Score Distribution
Percent of People with Each Score
Percentile by Number Answered
Your Score History
You have not taken this quiz